| 000 | 00739nam a2200277 4500 | ||
|---|---|---|---|
| 001 | 00345943 | ||
| 003 | DO-SdBNP | ||
| 005 | 20180327143831.0 | ||
| 007 | 00345943 | ||
| 008 | 930705s1993 sp spa | ||
| 016 | 7 |
_a _2BPMSU |
|
| 017 |
_a _b |
||
| 020 | _a8481300063 | ||
| 035 | _a | ||
| 040 |
_aBPMSU _bspa _cBPMUS _e |
||
| 080 | 0 | _a | |
| 100 | 1 |
_aDelibes, Miguel _d1920-2010 |
|
| 245 | 1 | 3 |
_aLa partida / _cMiguel Delibes _h |
| 260 |
_aBarcelona : _bPrimera Plana, _c1993 |
||
| 300 |
_a92 p.; _c21 cm |
||
| 490 |
_aBiblioteca de literatura universal _v7 |
||
| 830 |
_aBiblioteca de literatura universal _v7 |
||
| 942 |
_2ddc _cBK |
||
| 945 | _aInventariado, 2018/ YL | ||
| 956 |
_aVMATEO _210 _320151207 _6BPMSU _800151 |
||
| 999 |
_c9018 _d9018 |
||